Análisis elemental y comparado de legislación farmacéutica nacional y extranjera / (Record no. 55982)

MARC details
000 -LEADER
campo de control de longitud fija 00988nam a2200229 i 4500
001 - NÚMERO DE CONTROL
campo de control 55982
003 - IDENTIFICADOR DE NÚMERO DE CONTROL
campo de control ES-MaACL
005 - FECHA Y HORA DE LA ÚLTIMA TRANSACCIÓN
campo de control 20240111173949.0
007 - CAMPO FIJO DE DESCRIPCIÓN FÍSICA--INFORMACIÓN GENERAL
campo de control de longitud fija t|
008 - DATOS DE LONGITUD FIJA--INFORMACIÓN GENERAL
campo de control de longitud fija 031001s1949 sp ||||1| spa d
100 1# - ENTRADA PRINCIPAL--NOMBRE DE PERSONA
Nombre de persona Díaz López, Nazario.
9 (RLIN) 44331
245 10 - MENCIÓN DEL TÍTULO
Título Análisis elemental y comparado de legislación farmacéutica nacional y extranjera /
Mención de responsabilidad, etc. discurso leído por Nazario Díaz López en la solemne sesión celebrada el día 23 de abril de 1949 para su ingreso en la Real Academia de Farmacia ; y contestación por Fernando Hergueta Vidal.
260 ## - PUBLICACIÓN, DISTRIBUCIÓN, ETC.
Lugar de publicación, distribución, etc. Madrid :
Nombre del editor, distribuidor, etc. [s.n.],
Fecha de publicación, distribución, etc. 1949 (
Fabricante Gráf. Valera)
300 ## - DESCRIPCIÓN FÍSICA
Extensión 106 p. ;
Dimensiones 25 cm.
594 ## - Nota al título y mención de responsabilidad
Nota al título y mención de responsabilidad Precede al tít.: Instituto de España. Real Academia de Farmacia.
650 #7 - PUNTO DE ACCESO ADICIONAL DE MATERIA--TÉRMINO DE MATERIA
Término de materia o nombre geográfico como elemento de entrada Farmacia-
Subdivisión general Derecho
Fuente del encabezamiento o término
9 (RLIN) 172581
650 #7 - PUNTO DE ACCESO ADICIONAL DE MATERIA--TÉRMINO DE MATERIA
Término de materia o nombre geográfico como elemento de entrada Farmacia-
Subdivisión general Derecho
Fuente del encabezamiento o término
9 (RLIN) 172581
700 1# - ENTRADA AGREGADA--NOMBRE PERSONAL
Nombre de persona Hergueta Vidal, Fernando.
9 (RLIN) 62713
710 0# - ENTRADA AGREGADA--NOMBRE DE ENTIDAD CORPORATIVA
Nombre de entidad corporativa o nombre de jurisdicción como elemento de entrada Real Academia de Farmacia (España)
9 (RLIN) 6307
852 ## - LOCALIZACIÓN
Ubicación ES-MaACL
Número de control de estantería 1893-F-13
Holdings
Estatus retirado Estado de pérdida Estado de daño No para préstamo Colección Biblioteca de origen Biblioteca actual Ubicación en estantería Fecha de adquisición Fuente de adquisición Total de préstamos Signatura topográfica completa Código de barras Visto por última vez Precio de reemplazo Tipo de ítem Koha
        Colección de folletos Biblioteca del Ateneo de Madrid Biblioteca del Ateneo de Madrid Depósito folletos 17/01/2008     1893-F-13 1058804 23/02/2023 23/02/2023 Folleto